00748nam a2200205 a 450000100100000000500170001000800410002704000250006808200170009324501060011026000330021630000370024949000160028650400320030265000400033465000380037470000220041271000900043483000180052400001656920200929164929.0100308s1978 dr ad 000 0 spa d aDO-SdBNPbspacBNPHU a613.2bS623a00aSituación alimentaria y nutricional en la República Dominicana /cpresentación Pedro J. Bona P. aSanto Domingo :bONE,c1978. a223 p. :bil., gráf. ;c23 cm.1 aPlandesv37 aBibliografía : p. 221-223 4aNutriciónzRepública Dominicana 4aAlimentoszRepública Dominicana12aBona P., Pedro J.1 aRepública Dominicana.bSecretariado Técnico. Oficina Nacional de Planificación. 0aPlandes ;n37